BUBT Library Online Catalog

আধুনিক সংবিধান/ (Record no. 6563)

000 -LEADER
fixed length control field 00622nam a22001817a 4500
003 - CONTROL NUMBER IDENTIFIER
control field BUBTL
008 - FIXED-LENGTH DATA ELEMENTS--GENERAL INFORMATION
fixed length control field 211028b ||||| |||| 00| 0 eng d
082 ## - DEWEY DECIMAL CLASSIFICATION NUMBER
Classification number 342/ C4595m/ 1978
100 ## - MAIN ENTRY--PERSONAL NAME
9 (RLIN) 1806
Personal name চৌধুরী,আজিজুর রহমান
245 ## - TITLE STATEMENT
Title আধুনিক সংবিধান/
Statement of responsibility, etc. আজিজুর রহমান চৌধুরী
250 ## - EDITION STATEMENT
Edition statement 1st
260 ## - PUBLICATION, DISTRIBUTION, ETC. (IMPRINT)
Place of publication, distribution, etc. ঢাকা
Name of publisher, distributor, etc. বাংলা একাডেমী
Date of publication, distribution, etc. c1978
300 ## - PHYSICAL DESCRIPTION
Extent 187p . :
Dimensions 22 সে.মি.
650 #0 - SUBJECT ADDED ENTRY--TOPICAL TERM
9 (RLIN) 26
Topical term or geographic name as entry element Law
856 ## - ELECTRONIC LOCATION AND ACCESS
Password 0
Logon 0
Link text Download
942 ## - ADDED ENTRY ELEMENTS (KOHA)
Source of classification or shelving scheme
Koha item type Books
Holdings
Withdrawn status Lost status Source of classification or shelving scheme Damaged status Not for loan Collection code Permanent location Current location Shelving location Date acquired Source of acquisition Inventory number Total Checkouts Full call number Barcode Date last seen Copy number Price effective from Koha item type
        Not For Loan Non-fiction Bangladesh University of Business and Technology Library Bangladesh University of Business and Technology Library Law Stacks 07/25/2009 Purchase 6807   342/ C4595m/ 1978 BUBTL-20036807 10/28/2021 C-1 10/28/2021 Books
          Non-fiction Bangladesh University of Business and Technology Library Bangladesh University of Business and Technology Library Law Stacks 07/25/2009 Purchase 6808   342/ C4595m/ 1978 BUBTL-20036808 10/28/2021 C-2 10/28/2021 Books
          Non-fiction Bangladesh University of Business and Technology Library Bangladesh University of Business and Technology Library Law Stacks 07/25/2009 Purchase 6809   342/ C4595m/ 1978 BUBTL-20036809 10/28/2021 C-3 10/28/2021 Books
          Non-fiction Bangladesh University of Business and Technology Library Bangladesh University of Business and Technology Library Law Stacks 07/25/2009 Purchase 6810   342/ C4595m/ 1978 BUBTL-20036810 10/28/2021 C-4 10/28/2021 Books
          Non-fiction Bangladesh University of Business and Technology Library Bangladesh University of Business and Technology Library Law Stacks 07/25/2009 Purchase 6811   342/ C4595m/ 1978 BUBTL-20036811 10/28/2021 C-5 10/28/2021 Books

More Information About Library

Library Hours

  • Open: 9.00 am. to 9.00 pm.
  • Only Sunday: 9.00 am. to 6.00 pm.
  • Closed: Holiday

Contact to the University

Bangladesh University of Business and Technology Library

  • Mirpurl-2, 1216.
  • Phone:
  • Fax:
  • E-Mail: admin.library@bubt.edu.bd

Contact to the Library

Contact Person:

Md. Abdul Hakim Shah
Joint Librarian
PABX No:  113
Cell No: 01816332931
E-mail: official: admin.library@bubt.edu.bd
Personal: hakim.shah@bubt.edu.bd


BUBT Library

Copyright © 2021